[Event "59th World Juniors 2022"]
[Site "Cala Gonone ITA"]
[Date "2022.10.16"]
[Round "6.29"]
[White "Boyer, Mahel"]
[Black "Utsab, Chatterjee"]
[Result "0-1"]
[WhiteTitle "IM"]
[WhiteElo "2445"]
[BlackElo "2345"]
[WhiteFideId "45102422"]
[BlackFideId "46609148"]
[EventDate "2022.10.12"]

1. d4 d5 2. c4 e6 3. Nf3 Nf6 4. Nc3 Be7 5. Bf4 O-O 6. Rc1 Nbd7 7. cxd5 exd5 8.
e3 c6 9. h3 Ne4 10. Bd3 f5 11. g4 Ndf6 12. Ne5 Nxc3 13. bxc3 Ne4 14. O-O Bd6 15.
f3 Ng5 16. Kh2 Nf7 17. gxf5 Qe7 18. Ng4 h5 19. f6 gxf6 20. Nxf6+ Qxf6 21. Rg1+
Kh8 22. Bxd6 Qh4 23. Rg6 Qxh3+ 24. Kg1 Nxd6 25. Rc2 Rg8 26. Rxg8+ Kxg8 27. Rh2
Qe6 28. Qe1 Nf5 29. Rg2+ Ng7 30. Rg6 Qe7 31. Qg3 Bd7 32. e4 Rf8 33. Kg2 h4 34.
Qh2 Qf7 35. Qd6 Qxf3+ 36. Kh2 Qh3+ 37. Kg1 Qe3+ 38. Kh1 Rf7 39. Qb8+ Kh7 0-1

[Event "59th World Juniors 2022"]
[Site "Cala Gonone ITA"]
[Date "2022.10.16"]
[Round "6.30"]
[White "Kozak, Antoni"]
[Black "Tan, Jun Ying"]
[Result "1-0"]
[BlackTitle "CM"]
[WhiteElo "2440"]
[BlackElo "2189"]
[WhiteFideId "21832030"]
[BlackFideId "5710413"]
[EventDate "2022.10.12"]

1. d4 Nf6 2. Nf3 e6 3. c4 c5 4. d5 d6 5. Nc3 exd5 6. cxd5 g6 7. Nd2 Bg7 8. e4
O-O 9. Be2 Re8 10. O-O Nbd7 11. h3 a6 12. a4 Qc7 13. Qc2 Rb8 14. Nc4 b5 15. axb5
axb5 16. Na5 c4 17. Nc6 Rb7 18. Ra5 Nc5 19. Nxb5 Qd7 20. Bxc4 Ncxe4 21. Bf4 Qf5
22. Bh2 Qg5 23. Qc1 Qh5 24. Qd1 Bg4 25. f3 Bxh3 26. gxh3 Qg5+ 27. Kh1 Ng3+ 28.
Bxg3 Qxg3 29. Qd2 Nh5 30. Qg2 Qf4 31. Qg4 Qd2 32. f4 Re3 33. Ra8+ Bf8 34. Qxh5
Rxb5 35. Qh6 Rxh3+ 36. Qxh3 Rxb2 37. Ne7+ Kg7 38. Nf5+ Kf6 39. Bd3 g5 40. Rxf8 1-0

[Event "59th World Juniors 2022"]
[Site "Cala Gonone ITA"]
[Date "2022.10.16"]
[Round "6.31"]
[White "Winkelman, Albert"]
[Black "Harshavardhan, G B"]
[Result "0-1"]
[WhiteTitle "FM"]
[BlackTitle "IM"]
[WhiteElo "2229"]
[BlackElo "2433"]
[WhiteFideId "3219941"]
[BlackFideId "25059009"]
[EventDate "2022.10.12"]

1. e4 c5 2. Nf3 d6 3. d4 cxd4 4. Nxd4 Nf6 5. Nc3 a6 6. h3 e5 7. Nde2 h5 8. g3
Be7 9. Bg2 b5 10. a4 b4 11. Nd5 Nxd5 12. Qxd5 Ra7 13. Be3 Rb7 14. O-O Nd7 15.
Rfb1 Qc7 16. c3 Nc5 17. Qd1 b3 18. Nc1 Be6 19. Nd3 Nxd3 20. Qxd3 Bc4 21. Qd1 h4
22. g4 Qc6 23. Qd2 Rd7 24. Rd1 a5 25. f4 f6 26. fxe5 fxe5 27. Bg5 O-O 28. Bxe7
Qc5+ 29. Kh1 Rxe7 30. Qg5 Ref7 31. Qxh4 Qf2 32. Qh5 Qg3 33. Rg1 Rf2 34. Rad1 Be2
35. Rd2 Rxg2 0-1

[Event "59th World Juniors 2022"]
[Site "Cala Gonone ITA"]
[Date "2022.10.16"]
[Round "6.32"]
[White "Olsen, Filip Boe"]
[Black "Lux, Hugo de Melo"]
[Result "1-0"]
[WhiteTitle "IM"]
[BlackTitle "FM"]
[WhiteElo "2433"]
[BlackElo "2309"]
[WhiteFideId "1440640"]
[BlackFideId "2138298"]
[EventDate "2022.10.12"]

1. d4 d5 2. Nf3 Nf6 3. Bf4 c5 4. e3 e6 5. Nbd2 Nc6 6. c3 Be7 7. Ne5 Qb6 8. Rb1
Nd7 9. Ndf3 f6 10. Nxc6 bxc6 11. Bd3 Ba6 12. O-O g5 13. Bg3 h5 14. h4 g4 15. Ne1
c4 16. Bg6+ Kd8 17. Bc2 f5 18. b3 Qa5 19. bxc4 dxc4 20. e4 Rf8 21. Qd2 Nb6 22.
Qh6 Kd7 23. d5 exd5 24. exf5 Qxc3 25. Qe6+ Kd8 26. Be5 Bc8 27. Qxe7+ Kxe7 28.
Bxc3 c5 29. Bg7 Rg8 30. Bh6 Bd7 31. Bg5+ Kf7 32. f3 g3 33. f4 d4 34. Nf3 d3 35.
Ne5+ Kf8 36. Nxd7+ Nxd7 37. Rb7 dxc2 38. Rxd7 Rb8 39. Rd2 Rb2 40. Rc1 Kf7 41.
Rdxc2 Rgb8 42. Rxc4 Rxa2 43. Rxc5 a5 44. Rc7+ Kg8 45. f6 Rb6 46. Rg7+ Kh8 47.
Rc8# 1-0

[Event "59th World Juniors 2022"]
[Site "Cala Gonone ITA"]
[Date "2022.10.16"]
[Round "6.33"]
[White "Dauw, Sterre"]
[Black "Veiga, Jose Francisco R P Neves"]
[Result "0-1"]
[WhiteTitle "FM"]
[BlackTitle "IM"]
[WhiteElo "2287"]
[BlackElo "2409"]
[WhiteFideId "248886"]
[BlackFideId "1930087"]
[EventDate "2022.10.12"]

1. d4 Nf6 2. c4 g6 3. Nc3 Bg7 4. e4 d6 5. Nf3 O-O 6. Be2 Nbd7 7. Bg5 e5 8. dxe5
dxe5 9. Qd2 c6 10. O-O Qe7 11. Rfd1 Nc5 12. b4 Ne6 13. c5 a5 14. a3 axb4 15.
axb4 Rxa1 16. Rxa1 Rd8 17. Qb2 Nd4 18. Ra8 h6 19. Be3 Ne8 20. Nd2 Nc7 21. Ra1
Nce6 22. Bf1 Nf4 23. Kh1 h5 24. Nc4 h4 25. Nd6 Be6 26. Ne2 Nfxe2 27. Bxe2 h3 28.
g3 b6 29. Rf1 Rb8 30. Qd2 bxc5 31. bxc5 Qa7 32. Bxd4 exd4 33. Rc1 Qa3 34. Kg1
Rb2 35. Rc2 Rb1+ 36. Bf1 d3 37. Nc4 Qb3 0-1

[Event "59th World Juniors 2022"]
[Site "Cala Gonone ITA"]
[Date "2022.10.16"]
[Round "6.34"]
[White "Kanyamarala, Tarun"]
[Black "Gaal, Zsoka"]
[Result "0-1"]
[WhiteTitle "IM"]
[BlackTitle "WIM"]
[WhiteElo "2407"]
[BlackElo "2298"]
[WhiteFideId "45004714"]
[BlackFideId "777765"]
[EventDate "2022.10.12"]

1. d4 Nf6 2. c4 e6 3. Nc3 Bb4 4. Qc2 d5 5. cxd5 exd5 6. Nf3 O-O 7. Bg5 c6 8. e3
Nbd7 9. Bd3 Be7 10. h3 Re8 11. O-O h6 12. Bf4 Nf8 13. Ne5 Be6 14. Rab1 N6d7 15.
Nf3 a5 16. Rfd1 Nf6 17. Bh2 Bd6 18. Ne5 Rc8 19. Kh1 Qe7 20. Na4 N6d7 21. Nxd7
Nxd7 22. Bxd6 Qxd6 23. Rdc1 Rc7 24. a3 Rcc8 25. Qd2 b5 26. Nc5 a4 27. Nxd7 Bxd7
28. Rc5 Re7 29. Rbc1 Rf8 30. Qb4 Qf6 31. R1c2 Qh4 32. Kh2 f5 33. g3 Qf6 34. Qd2
Kh8 35. R5c3 f4 36. exf4 Qxd4 37. Bf1 Qf6 38. Re3 Rfe8 39. Rcc3 d4 40. Rxe7 Rxe7
41. Rc5 Qd6 42. Qb4 Re6 43. Bd3 Be8 44. Re5 Qxb4 45. axb4 Rxe5 46. fxe5 c5 47.
bxc5 b4 48. Kg2 a3 49. bxa3 bxa3 50. Bb1 Bf7 51. Kf3 Kg8 52. c6 Bd5+ 53. Ke2 a2
54. Bxa2 Bxa2 55. Kd3 Be6 56. Kxd4 Bxh3 57. Kc5 g5 58. f3 h5 59. c7 Be6 60. Kd4
Kf7 61. Ke4 h4 62. f4 h3 63. f5 Bc8 64. e6+ Kf6 65. Kf3 g4+ 66. Kf2 Ke7 67. Kg1
Kd6 68. Kh2 Kxc7 69. e7 Kd7 70. f6 Ke8 0-1

[Event "59th World Juniors 2022"]
[Site "Cala Gonone ITA"]
[Date "2022.10.16"]
[Round "6.36"]
[White "Muradli, Mahammad"]
[Black "Nouri, Alekhine"]
[Result "1-0"]
[WhiteTitle "GM"]
[BlackTitle "FM"]
[WhiteElo "2550"]
[BlackElo "2251"]
[WhiteFideId "13409301"]
[BlackFideId "5216184"]
[EventDate "2022.10.12"]

1. d4 Nf6 2. c4 c5 3. d5 e6 4. Nc3 exd5 5. cxd5 d6 6. Nf3 g6 7. Bf4 a6 8. a4 Bg7
9. h3 O-O 10. e3 Qe7 11. Nd2 Nbd7 12. Be2 Ne8 13. O-O f5 14. a5 Rb8 15. Ra3 g5
16. Bh2 Nc7 17. Nc4 Ne5 18. Nb6 Bd7 19. Rb3 Be8 20. Qd2 Kh8 21. Re1 g4 22. hxg4
fxg4 23. Bxe5 Bxe5 24. Bxg4 Qh4 25. f4 Rxf4 26. exf4 Bd4+ 27. Re3 Qxg4 28. Ne2
Bxe3+ 29. Rxe3 Nb5 30. b4 Qg7 31. bxc5 dxc5 32. Re5 Nd6 33. Qe3 Bb5 34. Ng3 Rg8
35. Kh2 c4 36. Rg5 Qh6+ 37. Kg1 Rxg5 38. fxg5 Qg7 39. Qf4 Qe7 40. Nh5 Nf7 41.
Nxc4 Bxc4 42. Qxc4 Qe1+ 43. Kh2 Qe5+ 44. g3 Nd6 45. Qc2 Qxg5 46. Nf4 Qf6 47. Qc7
h5 48. Qc2 Qf7 49. Qe2 Qe8 50. Ne6 Kg8 51. Qe5 Qe7 52. Kg2 Nc4 53. Qe4 Nd6 54.
Qg6+ Kh8 55. Qxh5+ Kg8 56. Qg6+ Kh8 57. g4 b5 58. axb6 a5 59. Qc2 Kg8 60. g5 Qf7
61. Qc7 Nb7 62. Qc8+ Kh7 63. Qc2+ Kg8 64. g6 Qe8 65. Qf5 Qe7 66. g7 Qf7 67. Qg5
Qd7 68. Qh5 1-0

[Event "59th World Juniors 2022"]
[Site "Cala Gonone ITA"]
[Date "2022.10.16"]
[Round "6.38"]
[White "Javornik, Nik"]
[Black "Milosevic, Milos"]
[Result "0-1"]
[BlackTitle "FM"]
[WhiteElo "2064"]
[BlackElo "2379"]
[WhiteFideId "14636549"]
[BlackFideId "964875"]
[EventDate "2022.10.12"]

1. e4 c5 2. Nc3 g6 3. Nf3 Bg7 4. d4 cxd4 5. Nxd4 Nc6 6. Be3 Nf6 7. Bc4 O-O 8.
Bb3 d6 9. f3 Bd7 10. Qd2 Rc8 11. g4 Ne5 12. O-O-O Qa5 13. Kb1 Nxf3 14. Nxf3 Rxc3
15. Qxc3 Qxc3 16. bxc3 Nxe4 17. Kc1 Bxg4 18. Rdf1 Bh3 19. Rfg1 Nxc3 20. Kd2 a5
21. Bd4 Ne4+ 22. Ke3 Nf6 23. Rg3 Bd7 24. Bxf6 Bxf6 25. Rd1 b5 26. Rb1 Rc8 27.
Kd2 Rc5 28. a3 Bc6 29. Ne1 Rh5 30. c4 Rxh2+ 31. Ke3 bxc4 32. Bxc4 Be5 33. Rg1
Rh4 34. Kd3 Be4+ 0-1

[Event "59th World Juniors 2022"]
[Site "Cala Gonone ITA"]
[Date "2022.10.16"]
[Round "6.39"]
[White "Guz, Ari"]
[Black "Cotic, Borna"]
[Result "1-0"]
[WhiteTitle "FM"]
[WhiteElo "2305"]
[BlackElo "2133"]
[WhiteFideId "2825759"]
[BlackFideId "14542307"]
[EventDate "2022.10.12"]

1. Nf3 Nf6 2. b3 d5 3. Bb2 e6 4. e3 Be7 5. d4 O-O 6. Bd3 c5 7. O-O cxd4 8. exd4
Nc6 9. a3 b6 10. Nbd2 Bb7 11. Qe2 Re8 12. b4 Bf8 13. Ne5 g6 14. f4 Rc8 15. Rad1
Bg7 16. g4 Nd7 17. Rde1 a5 18. b5 Ncxe5 19. fxe5 f6 20. exf6 Nxf6 21. Nf3 Ne4
22. Bc1 Rf8 23. Be3 Qd6 24. a4 Rc7 25. Ne5 Bxe5 26. dxe5 Qxe5 27. Rxf8+ Kxf8 28.
Bxb6 Rf7 29. Qe3 Kg8 30. Rf1 Rxf1+ 31. Bxf1 Qf6 32. Bd3 Ng5 33. Be2 Qa1+ 34. Bf1
Qf6 35. Bg2 Qa1+ 36. Kf2 Qf6+ 37. Ke1 Qa1+ 38. Kd2 Qxa4 39. Qxg5 Qb4+ 40. Kd1
Qb1+ 41. Qc1 Qxb5 42. Bd4 Ba6 43. Qe3 Qb1+ 44. Kd2 Qb4+ 45. Kc1 Qd6 46. Be5 Qb4
47. Bc3 Qxg4 48. Bxd5 Bc4 49. Bf3 Qf5 50. Qd4 Qg5+ 51. Kd1 Kf7 52. Qg7+ Ke8 53.
Bc6+ Kd8 54. Qd7# 1-0

[Event "59th World Juniors 2022"]
[Site "Cala Gonone ITA"]
[Date "2022.10.16"]
[Round "6.40"]
[White "Vagman, Roy"]
[Black "Johannsson, Birkir Isak"]
[Result "0-1"]
[WhiteTitle "FM"]
[WhiteElo "2274"]
[BlackElo "2165"]
[WhiteFideId "2828995"]
[BlackFideId "2314673"]
[EventDate "2022.10.12"]

1. e4 c5 2. Nf3 d6 3. Bb5+ Bd7 4. Bxd7+ Nxd7 5. O-O Ngf6 6. Qe2 e6 7. d4 cxd4 8.
Nxd4 Be7 9. c4 O-O 10. Nc3 a6 11. b3 Re8 12. Bb2 Qb6 13. Rad1 Bf8 14. Kh1 Rad8
15. f4 g6 16. e5 Nh5 17. Ne4 d5 18. cxd5 exd5 19. Nc3 Nc5 20. Qf3 Ne4 21. Nxe4
dxe4 22. Qxe4 Ng7 23. f5 Nxf5 24. Nxf5 Rxd1 25. Rxd1 Qf2 26. Ba1 Qxf5 27. Qxb7
Rd8 28. Re1 Qe6 29. Qf3 Rd2 30. a4 h5 31. h3 Bb4 32. Rf1 Qd5 33. Qxd5 Rxd5 34.
Rc1 h4 35. Kg1 g5 36. Kf1 Rd3 37. Rc8+ Kh7 38. Ke2 Rxb3 39. Rc7 Kg6 40. Rc6+ Kf5
41. e6 fxe6 42. Rxa6 Bc3 43. Bxc3 Rxc3 44. Rd6 Ra3 45. Rd4 e5 46. Rb4 e4 47.
Rb5+ Kf4 48. a5 Ra2+ 49. Kf1 Ke3 50. Kg1 Ke2 51. Rxg5 e3 52. Rh5 Kd1 53. Rd5+
Rd2 54. Rb5 Ra2 55. Rd5+ Ke2 56. Rd4 Ra1+ 57. Kh2 Rxa5 58. Rxh4 Kd3 59. Rh8 e2
60. Re8 Ra1 61. Kg3 e1=Q+ 62. Rxe1 Rxe1 63. Kf4 Kd4 64. g4 Rf1+ 65. Kg5 Ke5 66.
h4 Rg1 67. h5 Ke6 68. Kg6 Rxg4+ 69. Kh7 Kf7 70. Kh6 Rh4 0-1

[Event "59th World Juniors 2022"]
[Site "Cala Gonone ITA"]
[Date "2022.10.16"]
[Round "6.41"]
[White "Bettalli, Francesco"]
[Black "Urbani, Gabriel"]
[Result "1-0"]
[WhiteTitle "FM"]
[WhiteElo "2267"]
[BlackElo "2129"]
[WhiteFideId "2816453"]
[BlackFideId "2830138"]
[EventDate "2022.10.12"]

1. d4 d5 2. c4 e6 3. cxd5 exd5 4. Nc3 Nf6 5. Bg5 Be7 6. e3 Nbd7 7. Bd3 O-O 8.
Nge2 Re8 9. Qc2 c6 10. O-O g6 11. f3 Nf8 12. h3 Nh5 13. Bxe7 Rxe7 14. Qd2 Ne6
15. Bc2 Rd7 16. Rad1 Qh4 17. Qe1 Qe7 18. g4 Nhg7 19. e4 Rd8 20. exd5 cxd5 21.
Bb3 Nc7 22. Nf4 Qg5 23. Qe5 Qxe5 24. dxe5 d4 25. Nfd5 Nge6 26. Nxc7 Nxc7 27. Ne4
Be6 28. Bxe6 Nxe6 29. f4 Rac8 30. f5 Nf8 31. Rf2 Rc7 32. Re2 Re7 33. Kf2 Kh8 34.
Nd6 gxf5 35. gxf5 f6 36. Rxd4 fxe5 37. Nf7+ Rxf7 38. Rxd8 Rxf5+ 39. Ke3 Kg7 40.
Rf2 1-0

[Event "59th World Juniors 2022"]
[Site "Cala Gonone ITA"]
[Date "2022.10.16"]
[Round "6.42"]
[White "Nemeth, Zalan"]
[Black "Pennica, Andrea"]
[Result "1-0"]
[WhiteElo "2247"]
[BlackElo "2037"]
[WhiteFideId "2512041"]
[BlackFideId "2816828"]
[EventDate "2022.10.12"]

1. Nf3 c5 2. g3 g6 3. c4 Bg7 4. Nc3 Nc6 5. Bg2 d6 6. O-O e6 7. e3 Nge7 8. d4
cxd4 9. Nb5 O-O 10. Nfxd4 d5 11. c5 Nxd4 12. exd4 Nf5 13. Be3 Bd7 14. Nc3 Qf6
15. Qb3 Rab8 16. Ne2 b6 17. Bf4 Rbc8 18. cxb6 axb6 19. Be5 Qe7 20. Rac1 Rxc1 21.
Rxc1 Bh6 22. Rc2 b5 23. a3 Nd6 24. Qb4 Nf5 25. Qxe7 Nxe7 26. Rc7 Rd8 27. Bf6 Kf8
28. Nc3 Bg7 29. Bxg7+ Kxg7 30. Bf1 Nf5 31. Bxb5 Bxb5 32. Nxb5 Kf6 33. Kf1 Ra8
34. b4 h5 35. h4 Nh6 36. Ke2 g5 37. hxg5+ Kxg5 38. Na7 Nf5 39. Kd3 Rh8 40. Rc8
Rh7 41. b5 h4 42. Rg8+ Kf6 43. b6 h3 44. b7 Ne7 45. b8=Q Nxg8 46. Qxg8 Rh6 47.
Nc6 h2 48. Ne5 h1=Q 49. Qxf7+ Kg5 50. f4# 1-0

[Event "59th World Juniors 2022"]
[Site "Cala Gonone ITA"]
[Date "2022.10.16"]
[Round "6.43"]
[White "Oye-Stromberg, Alexander"]
[Black "Ballesteros Cardenas, Leonardo"]
[Result "1-0"]
[WhiteTitle "FM"]
[BlackTitle "CM"]
[WhiteElo "2233"]
[BlackElo "2121"]
[WhiteFideId "1525999"]
[BlackFideId "3428141"]
[EventDate "2022.10.12"]

1. d4 Nf6 2. c4 e6 3. Nf3 c5 4. d5 exd5 5. cxd5 d6 6. e4 g6 7. h3 Bg7 8. Nc3 a6
9. a4 O-O 10. Bd3 Nbd7 11. O-O Qe7 12. Be3 Ne8 13. Qd2 Rb8 14. Rab1 f5 15. Bg5
Qf7 16. exf5 gxf5 17. Bc4 Ne5 18. Nxe5 Bxe5 19. f4 Bd4+ 20. Kh2 Nf6 21. Bxf6
Bxf6 22. Rbe1 Bd7 23. a5 Rbe8 24. Re6 Bxc3 25. Qxc3 Rxe6 26. dxe6 Bxe6 27. Rf3
Qf6 28. Bxe6+ Qxe6 29. Rg3+ Kf7 30. Qg7+ Ke8 31. Qxb7 Qe7 32. Qxa6 Qd7 33. Rb3
Qa4 34. Rb8+ Ke7 35. Qb7+ Ke6 36. Rxf8 Qxf4+ 37. g3 1-0

[Event "59th World Juniors 2022"]
[Site "Cala Gonone ITA"]
[Date "2022.10.16"]
[Round "6.44"]
[White "Andreev, Konstantin"]
[Black "Monferrato, Rocco"]
[Result "1-0"]
[WhiteTitle "CM"]
[WhiteElo "2206"]
[BlackElo "1563"]
[WhiteFideId "24239305"]
[BlackFideId "3016536"]
[EventDate "2022.10.12"]

1. e4 c5 2. Nf3 d6 3. d4 cxd4 4. Nxd4 Nf6 5. Nc3 a6 6. h4 e5 7. Nb3 Be7 8. Bg5
Be6 9. Bxf6 Bxf6 10. g3 Be7 11. Qd3 Nd7 12. O-O-O Nf6 13. Bh3 Qc7 14. Bxe6 fxe6
15. f4 h5 16. Kb1 O-O-O 17. Qe2 Kb8 18. Nd2 Ng4 19. f5 Qc5 20. Rdf1 exf5 21. Nd5
Bf6 22. Rxf5 Rdf8 23. Rhf1 Qa5 24. R5f3 Ka7 25. Ra3 Qc5 26. b4 Qc8 27. Rff3 Bd8
28. Rfc3 Qd7 29. b5 a5 30. b6+ Kb8 31. Rxa5 Rf2 32. Qc4 1-0

[Event "59th World Juniors 2022"]
[Site "Cala Gonone ITA"]
[Date "2022.10.16"]
[Round "6.45"]
[White "Hercegovac, Neven"]
[Black "Asllani, Dorian"]
[Result "1-0"]
[WhiteElo "2175"]
[BlackElo "2202"]
[WhiteFideId "2839135"]
[BlackFideId "1341332"]
[EventDate "2022.10.12"]

1. e4 c5 2. Nf3 Nc6 3. d4 cxd4 4. Nxd4 g6 5. c4 Bg7 6. Be3 Nf6 7. Nc3 O-O 8. Be2
d6 9. f3 Bd7 10. Qd2 Nxd4 11. Bxd4 Bc6 12. O-O-O a6 13. Kb1 Qe8 14. h4 b5 15. h5
e5 16. Be3 b4 17. Nd5 Bxd5 18. cxd5 Nxh5 19. Qxb4 Ng3 20. Rhe1 Qe7 21. Rc1 f5
22. Bd3 Rab8 23. Qa3 fxe4 24. fxe4 Kh8 25. Qxa6 Qh4 26. Qc4 Qg4 27. a3 Rfc8 28.
Qa4 Rf8 29. Rc7 Rbd8 30. Rec1 Nf5 31. Bb6 Qg3 32. Qc4 Nh6 33. Rc2 Rb8 34. Rc6
Qh2 35. Bc7 Ra8 36. Bxd6 Rfe8 37. Ra6 Rad8 38. Bc7 Rd7 39. Qc6 Ree7 40. Ra8+ Ng8
41. d6 Rf7 42. Bc4 1-0

[Event "59th World Juniors 2022"]
[Site "Cala Gonone ITA"]
[Date "2022.10.16"]
[Round "6.46"]
[White "Brahami, Lamine"]
[Black "Liloni, Francesco Mattia"]
[Result "1-0"]
[WhiteTitle "IM"]
[WhiteElo "2188"]
[BlackElo "1876"]
[WhiteFideId "7905637"]
[BlackFideId "2872264"]
[EventDate "2022.10.12"]

1. d4 d5 2. c4 e6 3. Nc3 Nf6 4. cxd5 exd5 5. Bg5 c6 6. e3 Bf5 7. Nf3 Be7 8. Be2
Nbd7 9. O-O O-O 10. a3 h6 11. Bf4 Nh5 12. Be5 f6 13. Bg3 Nxg3 14. hxg3 Bd6 15.
b4 b5 16. Qb3 Nb6 17. e4 Be6 18. e5 Be7 19. Bd3 Nc4 20. Rfe1 Qd7 21. Ne2 fxe5
22. Nxe5 Nxe5 23. dxe5 d4 24. Qc2 g5 25. Rad1 Bg4 26. f3 Be6 27. Bh7+ Kh8 28.
Nxd4 Bd5 29. Be4 Rac8 30. Bxd5 Qxd5 31. Qg6 Rfd8 32. Qxh6+ Kg8 33. Ne6 1-0

[Event "59th World Juniors 2022"]
[Site "Cala Gonone ITA"]
[Date "2022.10.16"]
[Round "6.47"]
[White "Momin Fayzan"]
[Black "Stankovic, Dragan"]
[Result "0-1"]
[WhiteElo "1974"]
[BlackElo "2181"]
[WhiteFideId "7805225"]
[BlackFideId "14408740"]
[EventDate "2022.10.12"]

1. d4 d5 2. c4 e6 3. Nf3 Nf6 4. g3 Be7 5. Bg2 Nbd7 6. O-O b6 7. cxd5 Nxd5 8. e4
N5f6 9. Nc3 Bb7 10. Qe2 O-O 11. Rd1 Re8 12. a3 a5 13. Qc2 Qc8 14. Bf4 c5 15. d5
exd5 16. exd5 Nh5 17. Be3 Bd6 18. Ne4 Bf8 19. Rac1 Qd8 20. Nc3 Nhf6 21. d6 Bc6
22. Nh4 Qc8 23. a4 Bxg2 24. Nxg2 Qc6 25. Nb5 Rad8 26. f4 Re4 27. Bd4 Rde8 28.
Rd2 Nd5 29. Bc3 Ne3 30. Nxe3 Rxe3 31. Rf2 Bxd6 32. Rd1 Bb8 33. Qf5 Nf8 34. Qg5
f6 35. Qd5+ Qxd5 36. Rxd5 Kf7 37. Rfd2 Re2 38. Rxe2 Rxe2 39. Kf1 Re7 40. Rd8 Re8
41. Rd2 Ke7 42. Kf2 Ne6 43. Re2 Kd7 44. Rd2+ Kc6 45. Kf3 h5 46. h4 Nf8 47. b3
Ng6 48. Rd3 Nh8 49. Bd2 Nf7 50. Nc3 Nd6 51. Rd5 Ne4 52. Rd3 Nd6 53. Rd5 g6 54.
Be3 Nf5 55. Bf2 Nh6 56. Rd1 Ng4 57. Bg1 f5 58. Nb5 Nf6 59. Be3 Ne4 60. Rd3 Bc7
61. Na7+ Kb7 62. Nb5 Rd8 63. Rxd8 Bxd8 64. Na3 Kc6 65. Nc4 Bf6 66. Bd2 Nxd2+ 67.
Nxd2 b5 68. Ke3 Bd4+ 69. Kd3 bxa4 70. bxa4 Kd5 71. Nc4 Bf2 72. Ne5 Bxg3 73. Nxg6
c4+ 74. Kc3 Be1+ 75. Kc2 Ke4 76. Kd1 Bg3 77. Ne5 c3 78. Kc2 Bxh4 79. Kxc3 Bf6 0-1

[Event "59th World Juniors 2022"]
[Site "Cala Gonone ITA"]
[Date "2022.10.16"]
[Round "6.48"]
[White "van der Merwe, Alexander"]
[Black "Flores Quillas, Diego Saul Rodri"]
[Result "0-1"]
[BlackTitle "FM"]
[WhiteElo "1746"]
[BlackElo "2291"]
[WhiteFideId "14323842"]
[BlackFideId "3822508"]
[EventDate "2022.10.12"]

1. e4 c5 2. Nf3 d6 3. d4 cxd4 4. Nxd4 Nf6 5. Nc3 Nc6 6. Bc4 e6 7. Be3 a6 8. Bb3
Na5 9. f3 b5 10. a3 Nxb3 11. Nxb3 Be7 12. Qd2 Qc7 13. O-O-O O-O 14. Bf4 Rd8 15.
g4 Bb7 16. Qf2 Bc6 17. Rhe1 Nd7 18. Nd5 Bxd5 19. exd5 e5 20. Bd2 a5 21. Kb1 Rdc8
22. Bxa5 Rxa5 23. Nxa5 Qxa5 24. f4 Rc4 25. fxe5 Nxe5 26. h3 h6 27. Re3 Qb6 28.
Qe2 Qc5 29. Re4 Bf6 30. c3 Rxe4 31. Qxe4 Qf2 32. Qe1 Qf3 33. Qf1 Qe4+ 34. Ka2
Qc2 35. Rc1 Qa4 36. Qf5 Bg5 37. Re1 Qc4+ 38. Ka1 Qxd5 39. Qc8+ Kh7 40. Qf5+ g6
41. Qe4 Qxe4 42. Rxe4 f5 43. gxf5 gxf5 44. Rb4 f4 45. h4 f3 46. Rd4 f2 47. Rd1
Bd2 48. Rf1 Ng4 49. Ka2 Be3 50. Kb3 Nh2 51. Rxf2 Bxf2 52. Kb4 Bxh4 53. Kxb5 Ng4
54. a4 Bf2 55. Kc6 h5 0-1

[Event "59th World Juniors 2022"]
[Site "Cala Gonone ITA"]
[Date "2022.10.16"]
[Round "6.49"]
[White "Wartiovaara, Oliver"]
[Black "Djurovic, Peko"]
[Result "1/2-1/2"]
[WhiteElo "2297"]
[BlackElo "2084"]
[WhiteFideId "513024"]
[BlackFideId "16503902"]
[EventDate "2022.10.12"]

1. d4 d5 2. Bf4 Nf6 3. e3 c5 4. Nf3 Nc6 5. Nbd2 Bf5 6. dxc5 e6 7. b4 Nxb4 8.
Bb5+ Nc6 9. Nd4 Qc8 10. N2b3 a6 11. Ba4 Be7 12. c4 dxc4 13. Na5 O-O 14. Ndxc6
bxc6 15. Bd6 Bxd6 16. cxd6 Bd3 17. Rc1 Qd8 18. Nxc4 Bxc4 19. Rxc4 Qa5+ 20. Qd2
Qxd2+ 21. Kxd2 Rfd8 22. Bxc6 Rxd6+ 23. Ke2 Rad8 24. Rc2 g6 25. Rb1 Rc8 26. Ba4
Rxc2+ 27. Bxc2 Nd5 28. Rb8+ Kg7 29. a3 Nc3+ 30. Ke1 h5 31. Rb3 Nd5 32. e4 Nc7
33. Rd3 Rxd3 34. Bxd3 Kf6 35. Kd2 Ke5 36. Kc3 a5 37. Kc4 Kd6 38. e5+ Kxe5 39.
Kc5 f5 40. Kb6 Nd5+ 41. Kxa5 Kd4 42. Bf1 e5 43. a4 e4 44. Ka6 f4 45. a5 e3 46.
f3 Kc3 47. Kb5 h4 48. Kc5 Nb4 49. Kb5 Nd5 50. Kc6 Nb4+ 51. Kc5 Nd3+ 52. Kd6 Nb4
53. a6 Nxa6 54. Bxa6 Kd2 55. Ke5 e2 56. Bxe2 Kxe2 57. Kxf4 Kf2 58. Kg4 Kxg2 59.
Kxh4 Kxf3 60. h3 Kf4 1/2-1/2

[Event "59th World Juniors 2022"]
[Site "Cala Gonone ITA"]
[Date "2022.10.16"]
[Round "6.50"]
[White "Casadio, Niccolo'"]
[Black "Candian, Lorenzo"]
[Result "1-0"]
[WhiteElo "2201"]
[BlackElo "2022"]
[WhiteFideId "2827951"]
[BlackFideId "2863664"]
[EventDate "2022.10.12"]

1. d4 Nf6 2. Bf4 g6 3. Nc3 Bg7 4. e4 c5 5. d5 O-O 6. Nf3 d6 7. Be2 b5 8. Nxb5
Nxe4 9. c3 Qb6 10. Nd2 a6 11. Nxe4 axb5 12. Qd2 Nd7 13. Bh6 Ra4 14. Bxg7 Kxg7
15. Ng3 Nf6 16. O-O Bb7 17. Bf3 e6 18. b3 Ra3 19. c4 exd5 20. cxd5 Rfa8 21. Qb2
Qd8 22. Rfe1 Kg8 23. Qd2 Qf8 24. Qf4 Ne8 25. Re2 Rxb3 26. Rae1 Rb4 27. Qg5 h6
28. Qe7 Rb8 29. Qxe8 Rxe8 30. Rxe8 Rd4 31. Ne4 Qxe8 32. Nf6+ Kf8 33. Nxe8 Bxd5
34. Bxd5 Rxd5 35. Nc7 Rd2 36. Nxb5 d5 37. a4 d4 38. Ra1 Rc2 39. Kf1 d3 40. Na3
Rb2 41. a5 Rb4 42. Nb1 Rc4 43. Nd2 Rc2 44. a6 1-0

[Event "59th World Juniors 2022"]
[Site "Cala Gonone ITA"]
[Date "2022.10.16"]
[Round "6.51"]
[White "Sitbon, Itay"]
[Black "Karsten, Jan"]
[Result "1-0"]
[WhiteElo "2133"]
[BlackElo "1985"]
[WhiteFideId "2820706"]
[BlackFideId "14350653"]
[EventDate "2022.10.12"]

1. d4 d5 2. c4 c6 3. Nf3 Nf6 4. e3 e6 5. Bd3 dxc4 6. Bxc4 Nbd7 7. O-O Bd6 8. b3
O-O 9. Bb2 Qe7 10. Ne5 c5 11. f4 cxd4 12. exd4 Nb6 13. Bd3 Nbd5 14. Qf3 Nb4 15.
Bc4 Nc2 16. Nc3 Nxd4 17. Qh3 Bc5 18. Kh1 h6 19. Rad1 Nf5 20. Na4 Ne4 21. Qf3 Qh4
22. Nxc5 Nxc5 23. Ba3 Qe7 24. Nd3 b6 25. Nxc5 bxc5 26. Qxa8 Bb7 27. Bxc5 Bxa8
28. Bxe7 Nxe7 29. Rd7 Nf5 30. Rfd1 Ne3 31. R1d2 a5 32. Kg1 a4 33. Rd8 axb3 34.
Rxf8+ Kxf8 35. Rd8+ Ke7 36. Rxa8 Nxc4 37. axb3 Nb6 38. Ra7+ Kf6 39. Kf2 Nd5 40.
Kf3 g5 41. fxg5+ hxg5 42. Rb7 Kg6 43. b4 f5 44. b5 e5 45. b6 e4+ 46. Kf2 e3+ 47.
Ke1 Nf4 48. Rd7 Nxg2+ 49. Ke2 f4 50. b7 g4 1-0